01190cam a2200289 a 4500003000400000005001700004008004100021010001300062020001500075020001500090035001300105035002200118040003200140050001900172245003200191100003100223245006800254260004300322300002700365504005100392505031400443650002300757650004200780650003200822650002600854700002000880DLC20181026193737.0940513s1994 nyu b 001 0 eng  a94018296 a0898622131 a089862570X a94018296 a(WaOLN)rye0234818 aDLCcDLCdDLCdWaOLNdCaOTR00aRC489.S74bP2410cAlan Parry, Robert E. Doan.1 aParry, Alanq(Thomas Alan)10aStory re-visions :bnarrative therapy in the postmodern world / aNew York :bThe Guilford Press,c1994. aviii, 216 p. ;c24 cm. aIncludes bibliographical references and index. a1. The Postmodern Context2. Doing Narrative Therapy in a Destoried World3. Helping People Become Authors of their Own Stories4. The Therapist and Reflecting Team as Re-Visionary Editors5. Keeping the Story Re-Vision Alive, Well, and in Charge6. The Re-Vision of Therapists' Stories in Training and Supervision 0aNarrative therapy. 0aPostmodernismxPsychological aspects. 0aPersonal construct therapy. 0aFamily psychotherapy.1 aDoan, Robert E.